LIBRARY & INFORMATION CENTRE, KCAET, TAVANUR

ONLINE PUBLIC ACCESS CATALOGUE (OPAC)

Normal view MARC view
  • AKHILA G. MOHAN

Entry Personal Name

Number of records used in: 1

001 - CONTROL NUMBER

  • control field: 2361

003 - CONTROL NUMBER IDENTIFIER

  • control field: OSt

005 - DATE AND TIME OF LATEST TRANSACTION

  • control field: 20171228152004.0

008 - FIXED-LENGTH DATA ELEMENTS

  • fixed length control field: 171228|| aca||aabn | a|a d

040 ## - CATALOGING SOURCE

  • Original cataloging agency: OSt
  • Transcribing agency: OSt

100 ## - HEADING--PERSONAL NAME

  • Personal name: AKHILA G. MOHAN

670 ## - SOURCE DATA FOUND

  • Source citation: Work cat.: (OSt)15027: AKHILA G. MOHAN LAKSHMI V. PRABHAKAR SMITHA ARAVINDAN SMITHA G. NAIR, Technology for utilization of rice husk ash as an alternate material for concrete hollow blocks
free website counter